000 01008nam a2200205Ia 4500
999 _c34452
_d34452
001 198
003 GE_BSU
005 20220818121406.0
008 181216s1999||||ge |||||||||||||| ||geo||
040 _cGE_BSU
041 _ageo
080 _a005.95/96(075.8) ა-26
245 _aადამიანური რესურსის მენეჯმენტი /
_c [პროექტის ავტ. და რედ.: ია კუტალაძე ; მთარგმნ.: ელისაბედ ბურნაძე, თამარ გაგოშიძე, რუსუდან მეძმარიაშვილი და სხვ.].
264 _aთბ.,
_c1999.
300 _a444 გვ.
_b 20 სმ.
653 _aადამიანური რესურსის მენეჯმენტი
653 _aკადრების მენეჯმენტი
700 _aკუტალაძე, ია,
_eრედაქტორი
_913573
942 _cBK
_2udc